000 00712nam a2200205 a 4500
001 000022230
005 20250205122719.0
008 100920s1999 dr 000 0 spa d
040 _aDO-SdBNP
_bspa
_cBNPHU
082 _axxx
_bP343i
100 1 _aPayán Areché, Luis Ramón
_d1956-
_914489
245 0 _aInteligencia y técnicas de investigación :
_bmanual didáctico /
_cLuis Ramón Payán Areché ; César Pina Toribio.
260 _aSanto Domingo
_fAníbal
_c1999.
300 _a210 p. ;
_c24 cm.
500 _aIncluye datos biográficos del autor
500 _aIncluye notas al pie de las páginas
504 _aBibliografía : 209-210
700 1 _aPina Toribio, César
_epról.
_916867
049 _aBNPD
999 _c21728
_d21728